01672nam a2200385 a 4500001001200000003000800012006001900020007001500039008004100054010001700095020003600112020002700148040002100175035002100196050002600217082002400243245020100267260004400468300002900512490007100541500002000612533015200632650004900784650002800833650003600861650007200897650001800969655002900987700002301016700002701039710001701066830006001083856012601143999001701269ebr10582238CaPaEBRm u cr cn|||||||||120416s2012 gw ab s 001 0 eng d z 2012014418 z9783110285369 (acid-free paper) z9783110285420 (e-book) aCaPaEBRcCaPaEBR a(OCoLC)80337234614aPN682.P35bR87 2012eb04a809/.933520886322300aRural space in the Middle Ages and early modern ageh[electronic resource] :bthe spatial turn in premodern studies /cedited by Albrecht Classen ; with the collabortaion of Christopher R. Clason. aBerlin ;aBoston :bDe Gruyter,cc2012. ax, 919 p. :bill., maps.1 aFundamentals of medieval and early modern culture,x1864-3396 ;v9 aIncludes index. aElectronic reproduction.bPalo Alto, Calif. :cebrary,d2013.nAvailable via World Wide Web.nAccess may be limited to ebrary affiliated libraries. 0aLiterature, MedievalxHistory and criticism. 0aPeasants in literature. 0aRural conditions in literature. 0aEuropean literatureyRenaissance, 1450-1600xHistory and criticism. 0aEcocriticism. 7aElectronic books.2local1 aClassen, Albrecht.1 aClason, Christopher R.2 aebrary, Inc. 0aFundamentals of medieval and early modern culture ;v9.40uhttp://site.ebrary.com/lib/rucke/Doc?id=10582238zAn electronic book accessible through the World Wide Web; click to view c83946d83946